| 000 | 00793nam a22002537a 4500 | ||
|---|---|---|---|
| 001 | 67816 | ||
| 003 | BD-RjUL | ||
| 005 | 20211209081709.0 | ||
| 008 | 170329s1977 nyua|||| |||| 001 0 eng d | ||
| 020 | _a0125421060 (Vol. 6) | ||
| 020 | _a0125421079 (Vol. 7) | ||
| 035 | _a(BD-RjUL)68025 | ||
| 040 |
_aBD-RjUL _beng _cBD-RjUL _dBD-RjUL |
||
| 041 | _aeng | ||
| 082 |
_223 _a152 _bPRO 1977 |
||
| 245 |
_aProgress in psychobiology and physiological psychology / _cedited by James M Sprague and Alan N Epstein |
||
| 260 |
_aNew York : _bAcademic Press, _c1977 |
||
| 300 |
_aV. : _bill. ; _c24 cm |
||
| 500 | _aIncludes index | ||
| 505 | _aVol. 6. -- V. 7--- | ||
| 650 |
_aHuman behavior _vCollected works. _9201047 |
||
| 650 |
_aPsychophysiology _v Collected works. _9201048 |
||
| 942 |
_2ddc _cBK |
||
| 999 |
_c67816 _d67816 |
||